Orientación vocacional ocupacional en el nivel medio / (Record no. 42997)

MARC details
000 -CABECERA
campo de control de longitud fija 00713nam a2200217 a 4500
005 - FECHA Y HORA DE LA ÚLTIMA TRANSACCIÓN
campo de control 20240924071441.0
008 - ELEMENTOS DE LONGITUD FIJA--INFORMACIÓN GENERAL
campo de control de longitud fija 991125s1992 ag 000 0 spa u
020 ## - NÚMERO INTERNACIONAL NORMALIZADO PARA LIBROS
Número Internacional Estándar del Libro 950755033X
035 ## - NÚMERO DE CONTROL DEL SISTEMA
Número de control de sistema UPN01000042997
049 ## - COLECCIÓN
Colección F
050 #4 - SIGNATURA TOPOGRÁFICA DE LA BIBLIOTECA DEL CONGRESO
Número de clasificación LB1715
Número de documento/Ítem L55 no.8
100 1# - ASIENTO PRINCIPAL--NOMBRE PERSONAL
Nombre de persona Martínez de Pérez, Norma
9 (RLIN) 29156
245 10 - MENCIÓN DE TÍTULO
Título Orientación vocacional ocupacional en el nivel medio /
Mención de responsabilidad, etc. Norma Martínez de Pérez, Rosario Brúcoli.
260 ## - PUBLICACIÓN, DISTRIBUCIÓN, ETC.
Lugar de publicación, distribución, etc. Argentina :
Nombre del editor, distribuidor, etc. Braga,
Fecha de publicación, distribución, etc. 1992.
300 ## - DESCRIPCIÓN FÍSICA
Extensión 19 p.
440 #0 - MENCIÓN DE SERIE/ASIENTO SECUNDARIO--TÍTULO
Título Lineamientos.
Nombre de parte o sección de la obra Cuadernos de orientación educativa ;
Designación de volumen o secuencia 8
650 #4 - ASIENTO SECUNDARIO DE MATERIA - TERMINO TEMATICO
Término de materia o nombre geográfico como elemento de entrada Orientación vocacional
9 (RLIN) 5
650 #4 - ASIENTO SECUNDARIO DE MATERIA - TERMINO TEMATICO
Término de materia o nombre geográfico como elemento de entrada Maestros
Subdivisión general Formación profesional
9 (RLIN) 804
700 1# - ASIENTO SECUNDARIO--NOMBRE DE PERSONAL
Nombre de persona Brúcoli, Rosario,
Término indicativo de función/relación coaut.
905 ## - TIPO DE MATERIAL
Tipo de material Libro
Holdings
Estado de retiro Estado de pérdida Fuente del sistema de clasificación o colocación Estado dañado No para préstamo Código de colección Localización permanente Ubicación/localización actual Ubicación en estantería Fecha de adquisición Clasificación Código de barras Fecha visto por última vez Número de copia Tipo de ítem Koha Precio válido a partir de
    Library of Congress Classification   Disponible (Préstamo en sala) Folletería Bib. Gregorio Torres Quintero Bib. Gregorio Torres Quintero Colecciones especiales Planta alta 04/05/2023 LB1715 L55 no.8 41826 31/12/2020 Ej.3 Folleto  
    Library of Congress Classification   Disponible (Préstamo en sala) Folletería Bib. Gregorio Torres Quintero Bib. Gregorio Torres Quintero Colecciones especiales Planta alta 04/05/2023 LB1715 L55 no.8 18838f 31/12/2020   Folleto  
    Library of Congress Classification     Folletería Bib. Gregorio Torres Quintero Bib. Gregorio Torres Quintero Colecciones especiales Planta alta 14/08/2024 LB1715 L55 no.8 20285f 14/08/2024 Ej.2 Folleto 14/08/2024